000 004690000a22001810004500
003 MACL
005 20160317163125.0
008 160317b xxu||||| |||| 00| 0 eng d
040 _aMACL
_cMACL
041 _aHindi
082 _a891.433
100 _aतुर्गनेव
_945104
245 _aरूदिन
260 _bप्रभात प्रकाशन
_aमथुरा
350 _a3
650 _aFiction
_947044
942 _cHIN
_k891.433
_2ddc
999 _c25257
_d25257